<?xml version="1.0" encoding="UTF-8"?>
<record
    xmlns:xsi="http://www.w3.org/2001/XMLSchema-instance"
    xsi:schemaLocation="http://www.loc.gov/MARC21/slim http://www.loc.gov/standards/marcxml/schema/MARC21slim.xsd"
    xmlns="http://www.loc.gov/MARC21/slim">

  <leader>00926na  a2200289   4500</leader>
  <controlfield tag="001">14362</controlfield>
  <controlfield tag="003">MIRAKIL</controlfield>
  <controlfield tag="005">20181213154935.0</controlfield>
  <controlfield tag="008">160923b        tu            000 0      </controlfield>
  <datafield tag="020" ind1=" " ind2=" ">
    <subfield code="a">9753221185 </subfield>
  </datafield>
  <datafield tag="035" ind1=" " ind2=" ">
    <subfield code="a">14362</subfield>
  </datafield>
  <datafield tag="040" ind1=" " ind2=" ">
    <subfield code="a">Milas</subfield>
    <subfield code="b">tur</subfield>
    <subfield code="c">TR-AnCHP</subfield>
  </datafield>
  <datafield tag="082" ind1=" " ind2=" ">
    <subfield code="a">ATA 303.34</subfield>
    <subfield code="b">B29m 2005</subfield>
  </datafield>
  <datafield tag="090" ind1=" " ind2=" ">
    <subfield code="a">ATA 303.34 B29m 2005</subfield>
  </datafield>
  <datafield tag="100" ind1=" " ind2=" ">
    <subfield code="a">Baykal, Adnan Nur</subfield>
  </datafield>
  <datafield tag="245" ind1=" " ind2=" ">
    <subfield code="a">Y&#xF6;neticiler i&#xE7;in yeni bir bak&#x131;&#x15F; </subfield>
    <subfield code="b">Mustafa Kemal Atat&#xFC;rk'&#xFC;n liderlik s&#x131;rlar&#x131;</subfield>
    <subfield code="c">Adnan Nur Baykal</subfield>
  </datafield>
  <datafield tag="246" ind1=" " ind2=" ">
    <subfield code="a">Liderlik s&#x131;rlar&#x131;</subfield>
  </datafield>
  <datafield tag="246" ind1=" " ind2=" ">
    <subfield code="a">Mustafa Kemal Atat&#xFC;rk'&#xFC;n liderlik s&#x131;rlar&#x131;</subfield>
  </datafield>
  <datafield tag="250" ind1=" " ind2=" ">
    <subfield code="a">18. bs.</subfield>
  </datafield>
  <datafield tag="260" ind1=" " ind2=" ">
    <subfield code="a">&#x130;stanbul</subfield>
    <subfield code="b">Sistem Yay&#x131;nc&#x131;l&#x131;k</subfield>
    <subfield code="c">2005</subfield>
  </datafield>
  <datafield tag="300" ind1=" " ind2=" ">
    <subfield code="a">xvi, 266 s.</subfield>
    <subfield code="c">19 sm.</subfield>
  </datafield>
  <datafield tag="490" ind1=" " ind2=" ">
    <subfield code="a">Sistem Yay&#x131;nc&#x131;l&#x131;k</subfield>
    <subfield code="v">200</subfield>
  </datafield>
  <datafield tag="504" ind1=" " ind2=" ">
    <subfield code="a">Kaynak&#xE7;a (s. 255-266 )var.</subfield>
  </datafield>
  <datafield tag="600" ind1=" " ind2=" ">
    <subfield code="a">Atat&#xFC;rk, Mustafa Kemal</subfield>
    <subfield code="d">1881-1938</subfield>
    <subfield code="x">Siyasal ve sosyal g&#xF6;r&#xFC;&#x15F;ler</subfield>
    <subfield code="y">Liderlik</subfield>
  </datafield>
  <datafield tag="650" ind1=" " ind2=" ">
    <subfield code="a">Liderlik</subfield>
  </datafield>
  <datafield tag="942" ind1=" " ind2=" ">
    <subfield code="2">dcc</subfield>
    <subfield code="c">BKS</subfield>
  </datafield>
  <datafield tag="952" ind1=" " ind2=" ">
    <subfield code="a">0001</subfield>
    <subfield code="b">0001</subfield>
    <subfield code="d">2016-08-26</subfield>
    <subfield code="e">2</subfield>
    <subfield code="l">0</subfield>
    <subfield code="o">ATA 303.34 B29m 2005</subfield>
    <subfield code="p">002189</subfield>
    <subfield code="r">2016-08-26 00:00:00</subfield>
    <subfield code="v">0.00</subfield>
    <subfield code="w">2016-08-26</subfield>
    <subfield code="y">BKS</subfield>
  </datafield>
  <datafield tag="999" ind1=" " ind2=" ">
    <subfield code="c">3557</subfield>
    <subfield code="d">3557</subfield>
  </datafield>
</record>
